USA General Knowledge Quiz - Statistics

General Stats
  • This quiz has been taken 630 times
  • The average score is 8 of 10
Answer Stats
Question Answer % Correct
How many states are there in the United States? 50
99%
Where can you find the Hollywood sign? a: New York b: New Orleans c: Los Angeles c
97%
Which are the 3 biggest cities in the US by population? a: New York, Miami, Chicago b: New York, Los Angeles, Chicago c: Chicago, Miami, Los Angeles b
95%
Who was the first President of the US? George Washington
92%
Which ocean borders the US on the West Coast? Pacific
86%
When is Independence Day? July 4
80%
Who is the 45th President of the United States? Donald Trump
72%
Who discovered America? Christopher Columbus
62%
Which city has the busiest airport in the country? Atlanta
53%
Which is the longest river in the US? Missouri
50%
No matching quizzes found
Score Distribution
Percent of People with Each Score
Percentile by Number Answered
Your Score History
You have not taken this quiz